| Tag |
First Indicator |
Second Indicator |
Subfields |
| LEADER |
00000nam a22000005i 4500 |
| 001 |
in00004377921 |
| 006 |
m o d |
| 007 |
cr nn 008mamaa |
| 008 |
210611s2021 xxu| o |||| 0|eng d |
| 005 |
20230330185010.8 |
| 020 |
|
|
|a 9781484271070
|
| 024 |
7 |
|
|a 10.1007/978-1-4842-7107-0
|2 doi
|
| 035 |
|
|
|a (DE-He213)978-1-4842-7107-0
|
| 035 |
|
|
|a in00004377921
|
| 050 |
|
4 |
|a QA75.5-76.95
|
| 072 |
|
7 |
|a UY
|2 bicssc
|
| 072 |
|
7 |
|a COM014000
|2 bisacsh
|
| 072 |
|
7 |
|a UY
|2 thema
|
| 082 |
0 |
4 |
|a 004
|2 23
|
| 100 |
1 |
|
|a Crutcher, Paul D.
|e author.
|4 aut
|4 http://id.loc.gov/vocabulary/relators/aut
|
| 245 |
1 |
0 |
|a Essential Computer Science :
|b A Programmer's Guide to Foundational Concepts /
|c by Paul D. Crutcher, Neeraj Kumar Singh, Peter Tiegs.
|
| 250 |
|
|
|a 1st ed. 2021.
|
| 264 |
|
1 |
|a Berkeley, CA :
|b Apress :
|b Imprint: Apress,
|c 2021.
|
| 300 |
|
|
|a 1 online resource (XXIII, 290 pages 77 illustrations)
|
| 336 |
|
|
|a text
|b txt
|2 rdacontent
|
| 337 |
|
|
|a computer
|b c
|2 rdamedia
|
| 338 |
|
|
|a online resource
|b cr
|2 rdacarrier
|
| 347 |
|
|
|a text file
|b PDF
|2 rda
|
| 505 |
0 |
|
|a Chapter 1: Fundamentals of a Computer System -- Chapter 2: Programming -- Chapter 3: Algorithm and Data Structure -- Chapter 4: Operating System -- Chapter 5: Computer Networks and Distributed Systems -- Chapter 6: Computer Security -- Chapter 7: Cloud Computing -- Chapter 8: Machine Learning -- Appendix A: Software Development Lifecycle -- Appendix B: Software Engineering Practices -- Appendix C: ACPI System States -- Appendix D: System Boot Flow.-.
|
| 520 |
|
|
|a Understand essential computer science concepts and skills. This book focuses on the foundational and fundamental concepts upon which expertise in specific areas can be developed, including computer architecture, programming language, algorithm and data structure, operating systems, computer networks, distributed systems, security, and more. According to code.org, there are 500,000 open programming positions available in the US- compared to an annual crop of just 50,000 graduating computer science majors. The US Department of Labor predicted that there will be almost a million and a half computer science jobs in the very near future, but only enough programmers to fill roughly one third of these jobs. To bridge the gap, many people not formally trained in computer science are employed in programming jobs. Although they are able to start programming and coding quickly, it often takes them time to acquire the necessary understanding to gain the requisite skills to become an efficient computer engineer or advanced developer. You will learn: The fundamentals of how a computer works The basics of computer programming and programming paradigms How to write efficient programs How the hardware and software work together to provide a good user experience and enhance the usability of the system How computers can talk to each other How to ensure the security of the system The fundamentals of cloud offerings, implications/trade-offs, and deployment/adoption configurations The fundamentals of machine learning.
|
| 650 |
|
0 |
|a Computer science.
|
| 650 |
|
0 |
|a Computer programming.
|
| 650 |
1 |
4 |
|a Computer Science, general.
|0 https://scigraph.springernature.com/ontologies/product-market-codes/I00001
|
| 650 |
2 |
4 |
|a Programming Techniques.
|0 https://scigraph.springernature.com/ontologies/product-market-codes/I14010
|
| 655 |
|
7 |
|a Electronic books.
|2 local
|
| 700 |
1 |
|
|a Singh, Neeraj Kumar.
|e author.
|4 aut
|4 http://id.loc.gov/vocabulary/relators/aut
|
| 700 |
1 |
|
|a Tiegs, Peter.
|e author.
|4 aut
|4 http://id.loc.gov/vocabulary/relators/aut
|
| 710 |
2 |
|
|a SpringerLink (Online service)
|
| 773 |
0 |
|
|t Springer Nature eBook
|
| 776 |
0 |
8 |
|i Printed edition:
|z 9781484271063
|
| 776 |
0 |
8 |
|i Printed edition:
|z 9781484271087
|
| 776 |
0 |
8 |
|i Printed edition:
|z 9781484277355
|
| 856 |
4 |
0 |
|u http://proxy.library.tamu.edu/login?url=https://doi.org/10.1007/978-1-4842-7107-0
|z Connect to the full text of this electronic book
|t 0
|
| 950 |
|
|
|a Professional and Applied Computing (SpringerNature-12059)
|
| 950 |
|
|
|a Professional and Applied Computing (R0) (SpringerNature-43716)
|
| 955 |
|
|
|a Springer EBA Purchase
|
| 999 |
f |
f |
|s 8980a557-37d1-4e2a-b225-83eb8ef2bd40
|i 0ad967e0-3806-3e9a-97d1-061d23c95f1f
|t 0
|
| 952 |
f |
f |
|a Texas A&M University
|b College Station
|c Electronic Resources
|d Available Online
|t 0
|e QA75.5-76.95
|h Library of Congress classification
|
| 998 |
f |
f |
|a QA75.5-76.95
|t 0
|l Available Online
|